Aminosäuren - 3-Buchstabencode - Statistiken

Allgemein
  • Dieses Quiz wurde 70 mal gespielt
  • Das Durchschnittsergebnis liegt bei 19 aus 20
Antwortstatistiken
Einbuchstabencode 3-Buchstabencode Aminosäure % Korrekt
A Ala Alanin
100%
C Cys Cystein
100%
G Gly Glycin
100%
H His Histin
100%
K Lys Lysin
100%
F Phe Phenylalanin
100%
D Asp Asparaginsäure
97%
E Glu Glutaminsäure
97%
L Leu Leucin
97%
M Met Methionin
97%
P Pro Prolin
97%
S Ser Serin
97%
T Thr Threorin
97%
V Val Valin
97%
R Arg Arginin
95%
Y Tyr Tyrosin
95%
W Trp Tryptophan
89%
I Ile Isoleucin
84%
N Asn Asparagin
81%
Q Gln Glutamin
76%
Keine übereinstimmenden Quizze gefunden
Verteilung der Resultate
Anzahl Personen mit jedem Resultat
Perzentil nach korrekt beantworteten Fragen
Ihre Resultats-Entwicklung
Sie haben dieses Quiz noch nicht gespielt